LEADER 00795nam0-22003131i-450- 001 990007479150403321 005 20050317110930.0 035 $a000747915 035 $aFED01000747915 035 $a(Aleph)000747915FED01 035 $a000747915 100 $a20030814d1978----km-y0itay50------ba 101 0 $aita 102 $aIT 200 1 $aBulgaria$aRomania 210 $aMilano$cT.C.I.$d1978 215 $a240 p.$cill.$d21 cm 225 1 $aGuide d' Europa 610 0 $aBulgaria$aGuide 610 0 $aRomania$aGuide 712 02$aTouring club italiano 801 0$aIT$bUNINA$gRICA$2UNIMARC 901 $aBK 912 $a990007479150403321 952 $aCONS.2 TCI 03(15)A$bIst.7374$fILFGE 959 $aILFGE 996 $aRomania$9298891 996 $aBulgaria$9674720 997 $aUNINA LEADER 01088nam 2200313z- 450 001 9910694012503321 005 20090724073315.0 035 $a(CKB)4920000000789165 035 $a(BIP)013737671 035 $a(EXLCZ)994920000000789165 100 $a20220104c2006uuuu -u- - 101 0 $aeng 200 14$aThe economic outlook $ehearing before the Joint Economic Committee, Congress of the United States, One Hundred Ninth Congress, first session, October 20, 2005 215 $a1 online resource (iii, 73 p.) $cill 311 $a0-16-076689-3 517 $aEconomic outlook 606 $aMonetary policy$zUnited States 607 $aUnited States$xEconomic conditions$y2001-2009 607 $aUnited States$xEconomic policy$y2001-2009 610 $aMonetary policy 610 $aUnited States 610 $aBusiness & economics 610 $aPolitical science 615 0$aMonetary policy 712 02$aUnited States, Congress Joint Economic Committee Staff,$4oth 906 $aBOOK 912 $a9910694012503321 996 $aThe economic outlook$93129303 997 $aUNINA